000 00387nam a2200145Ia 4500
008 230711s9999||||xx |||||||||||||| ||und||
041 _aENG
082 _a624
_bAM-E
100 _aAmerican Society of Civil Engineering
245 0 _aEngineering surveying manual
250 _a1st Ed.
260 _c1986
_aNew Delhi
_bScientific Publication Ltd,
650 _aCivil Engineering
942 _cBK
999 _c977
_d977